| 000 | 01032cam a2200313 i 4500 | ||
|---|---|---|---|
| 999 |
_c1819 _d1819 |
||
| 001 | (Sirsi) a958013 | ||
| 003 | OSt | ||
| 005 | 20230201164821.0 | ||
| 008 | 160201r20052004enka a 000 1 eng d | ||
| 020 |
_a9781844282968 _q(paperback) : |
||
| 040 |
_aStDuBDS _beng _dTAE _dKH8 _erda _cSTD |
||
| 042 | _anbic | ||
| 082 | 0 | _a813.6 REY | |
| 100 | 1 |
_aReynolds, Peter, _d1961- _eauthor. |
|
| 245 | 1 | 0 |
_aIsh / _cPeter H. Reynolds. |
| 260 | _c2005. | ||
| 264 | 1 |
_aLondon : _bWalker Books, _c2005. |
|
| 300 |
_a32 unnumbered pages : _bcolor illustrations ; _c23 cm. |
||
| 336 |
_atext _btxt _2rdacontent. |
||
| 337 |
_aunmediated _bn _2rdamedia. |
||
| 338 |
_avolume _bnc _2rdacarrier. |
||
| 500 | _aOriginally published: 2004. | ||
| 520 | _aRamon loses confidence in his ability to draw, but his sister gives him a new perspective on things. | ||
| 521 | 1 | _aAges 3-5. | |
| 650 | 0 |
_aSelf-confidence _vJuvenile fiction. |
|
| 650 | 0 |
_aDrawing _vJuvenile fiction. |
|
| 650 | 0 |
_aBrothers and sisters _vJuvenile fiction. |
|
| 942 |
_2ddc _cNFIC |
||